1303 1089 1732 1784 1246 1964 2000 1091 1169 1290 1511 1710 1181 1599 1156 1714 1429 1842 1268 1414 1929 1514 1522 1667 1141 1084 1410 1433 1042 1969 1393 1658 1484 1984 1125 1267 1775 1983 1387 1989 1607 1181 1868 1608 1647 1108 1258 1862 1266 1494 1243 1446 1543 1315 1078 1459 1378 1703 1255 1156 1888 1942 1030 1887 1649 1689 1142 1911 1564 1616 1531 1327 1716 1154 1340 1873 1575 1372 1619 1903 1641 1160 1726 1469 1297 1931 1161 1737 1287 1848 1201 1856 1536 1381 1487 1422 1875 1912 1654 BCNSPRNW ULIB Ver.6.0+V

เปลี่ยนเป็นภาษาไทย

Change to English
 แสดงรายละเอียดบรรณานุกรม
  กลับหน้าหลัก

Brief Record : Get Marc (ISO 2709) : E-mail record : QR code < ปิดหน้าต่าง
LEADER : 00000nam 2200000uu 4500
001    13399126137
003     ULIB
008    180612s2015||||th 000 0 tha d
020    ^a9780521693080
050 00 ^aPE1128^bC172^cV.6
245 10 ^aCambridge practice tests for IELTS 6
260    ^aCambridge :^bCambridge University Press,^c2015
300    ^a176 p.:^bill. ;^c25 cm.
650 00 ^aInternational English Language Testing System.
650 00 ^aEnglish language^xExaminations, questions, etc.
650 00 ^aEnglish language^xTextbooks for foreign speakers
945    ^p530^l0^i004233
999    ^aวรรณษา ชูชัยมงคล
รายการนี้ยังไม่มีแท็ก
คุณยังไม่ได้ล็อกอิน คุณสามารถมีกิจกรรมร่วมกับเว็บไซต์ได้ แต่ต้องล็อกอินก่อน ::
  ล็อกอิน

รายการสื่อสารสนเทศ

ลำดับที่ ประเภท เลขเรียก/บาร์โค้ด สถานที่ สถานะ
1. วิทยาศาสตร์การแพทย์ และสุขภาพ
หนังสือสำรอง
สถานะ=หนังสือสำรอง
PE1128 C172 V.6 ฉ.1 
  Barcode: 004233
ห้องสมุดวิทยาเขตสวรรค์ประชารักษ์
►หนังสือทั่วไป
บนชั้น

รายการใกล้เคียง
    ชื่อเรื่อง [Cambridge practice tests for IELTS 6]

    หัวเรื่อง [International English Language Testing System.]

BibComment


ยังไม่เคยถูกคอมเมนท์

คอมเมนท์ทรัพยากรรายการนี้
  คอมเมนท์: Cambridge practi..


 Copyright 2026. Bcnsprnw @Library